MLB Baseball Innings Pitched - Statistics

General Stats
  • This quiz has been taken 112 times
  • The average score is 12 of 30
Answer Stats
Team Answer Innings Retired % Correct
Arizona Diamondbacks Randy Johnson 1,630.3 2009
99%
Minnesota Twins Walter Johnson 5,914.3 1927
97%
Baltimore Orioles Jim Palmer 3,948 1984
81%
New York Mets Tom Seaver 3,045.6 1986
78%
Atlanta Braves Warren Spahn 5,046 1965
73%
Seattle Mariners Felix Hernandez 2,729.6 Active
71%
St. Louis Cardinals Bob Gibson 3,884.3 1975
69%
San Francisco Giants Christy Mathewson 4,779.6 1916
66%
Cleveland Indians Bob Feller 3,827 1956
65%
New York Yankees Whitey Ford 3,170.3 1967
58%
Toronto Blue Jays Dave Stieb 2,873 1998
52%
Los Angeles Dodgers Don Sutton 3,816.3 1988
49%
Washington Nationals Steve Rogers 2,837.6 1985
40%
San Diego Padres Randy Jones 1,776 1982
38%
Boston Red Sox Tim Wakefield 3,006 2011
36%
Philadelphia Phillies Robin Roberts 3,739.3 1966
34%
Oakland Athletics Eddie Plank 3,860.6 1917
30%
Tampa Bay Rays James Shields 1,454.6 2018
30%
Los Angeles Angels Chuck Finley 2,675 2002
27%
Kansas City Royals Paul Splittorff 2,554.6 1984
26%
Texas Rangers Charlie Hough 2,308 1994
19%
Houston Astros Larry Dierker 2,294.3 1977
18%
Chicago White Sox Ted Lyons 4,161 1946
16%
Miami Marlins Ricky Nolasco 1,225.6 2017
10%
Cincinnati Reds Eppa Rixey 2,890.6 1933
9%
Colorado Rockies Aaron Cook 1,312.3 2012
8%
Pittsburgh Pirates Bob Friend 3,480.3 1966
8%
Milwaukee Brewers Jim Slaton 2,025.3 1986
8%
Chicago Cubs Charlie Root 3,137.3 1941
5%
Detroit Tigers George Mullin 3,394 1915
4%
No matching quizzes found
Score Distribution
Percent of People with Each Score
Percentile by Number Answered
Your Score History
You have not taken this quiz